| 000 | 00714nam a22002297a 4500 | ||
|---|---|---|---|
| 005 | 20150224162541.0 | ||
| 008 | 140714b xxu||||| |||| 00| 0 Urdu d | ||
| 010 | _aUR-8675 | ||
| 020 | q | _c250.00 | |
| 020 | _c9789350733431 | ||
| 035 | _aU-7230 | ||
| 037 | _bDBAD/Pub. | ||
| 040 |
_aDPL _bUrdu |
||
| 082 | _a841 | ||
| 100 | _aشميم قا سمی | ||
| 245 |
_aپا بر ہنہ :مجمو عہ غز ل _cشميم قا سمی |
||
| 246 |
_aPabarah'na (Poetry) _bBy Shamim Qasmi |
||
| 260 |
_aد ھلی _bEducational Publishing House _c2014 |
||
| 270 |
_a3108,Vakeel Street,Kucha Pandit,Lal Kuan _b.Delhi _e110006 |
||
| 300 |
_a152ص _c22Cm (Hb) |
||
| 942 |
_2ddc _cUR _e _h841 _mش م ی |
||
| 999 |
_c91844 _d91844 |
||